Candid conversations (Record no. 6483)

MARC details
000 -LEADER
fixed length control field 00728 a2200205 4500
005 - DATE AND TIME OF LATEST TRANSACTION
control field 20080828125815.0
008 - FIXED-LENGTH DATA ELEMENTS--GENERAL INFORMATION
fixed length control field 080828t xxu||||| |||| 00| 0aeng d
010 ## - LIBRARY OF CONGRESS CONTROL NUMBER
LC control number ENG-87365
020 ## - INTERNATIONAL STANDARD BOOK NUMBER
Terms of availability 250.00
International Standard Book Number 9788123749334
035 ## - SYSTEM CONTROL NUMBER
System control number EN-70898
037 ## - SOURCE OF ACQUISITION
Source of stock number/acquisition DBAD / PUB
082 ## - DEWEY DECIMAL CLASSIFICATION NUMBER
Classification number 920
100 ## - MAIN ENTRY--PERSONAL NAME
Personal name Bhanumathy, K.P.
245 ## - TITLE STATEMENT
Title Candid conversations
Statement of responsibility, etc by K.P. Bhanumathy
Remainder of title with towering persons
260 ## - PUBLICATION, DISTRIBUTION, ETC. (IMPRINT)
Place of publication, distribution, etc New Delhi
Name of publisher, distributor, etc National Book Trust, India
Date of publication, distribution, etc 2007
270 ## - ADDRESS
Address A-5, Green Park
City New Delhi
Postal code 110 016
300 ## - PHYSICAL DESCRIPTION
Extent xvi, 245p.
Dimensions 22cm (Hb)
942 ## - ADDED ENTRY ELEMENTS (KOHA)
Institution code [OBSOLETE] dpl
Koha item type English Books
Call number prefix 920 / BHA
Source of classification or shelving scheme Dewey Decimal Classification
Classification part 920
Call number suffix BHA
Holdings
Withdrawn status Lost status Damaged status Not for loan Home library Current library Date acquired Cost, normal purchase price Total Checkouts Full call number Barcode Date last seen Copy number Uniform Resource Identifier Cost, replacement price Price effective from Koha item type
        D.B.Act.Division D.B.Act.Division 28/08/2008 250.00   920 BHA EN-70898 15/09/2008 1 6975 250.00 15/09/2008 English Books

© Delhi Public Library
Hit Counter
free hit counter